Alfa romeo Quiz Stats

 Plays Quiz not verified by Sporcle

Also try: Gold and Silver
Challenge
Share
Tweet
Embed
Score 0/10 Timer 10:00
0 Plays Today
Hint Answer % Correct
From £51,424.54C
95%
From £28,354.5 Giulia
90%
From £26,000 Giulietta
90%
From £12,264.5 mito
85%
From £35,000 Stelvio
80%
From £242,793.348C competizione
45%
From £57,804.5 Giulia Quadrifoglio
35%
SUVKamal
20%
production year 2000vola
15%
looks like a ferraridiva
15%

You're not logged in!

Compare scores with friends on all Sporcle quizzes.
Join for Free
OR
Log In

You Might Also Like...

Show Comments

Extras

Created Jan 18, 2017ReportNominate
Tags:land, range, romeo, rover

Top Quizzes Today


Score Distribution

Your Account Isn't Verified!

In order to create a playlist on Sporcle, you need to verify the email address you used during registration. Go to your Sporcle Settings to finish the process.

Report this User

Report this user for behavior that violates our Community Guidelines.

Details: